| 000 | 00723nam a2200253Ia 4500 | ||
|---|---|---|---|
| 008 | 160803s9999 xx 000 0 und d | ||
| 020 | _a9780545327183 | ||
| 100 | _aCleary, Brian | ||
| 245 | _aEight wild nights : | ||
| 245 | _ba family Hanukkah tale / | ||
| 245 | _cBrian Cleary ; illustrated by David Udovic. | ||
| 260 | _aNew York : | ||
| 260 | _bScholastic Inc. | ||
| 260 | _c2006 | ||
| 300 | _a22 unnumbered pages : | ||
| 300 | _bcolor illustrations ; | ||
| 300 | _c23 cm | ||
| 500 | _aOriginally published: Minneapolis, Minnesota : Kar-Ben Publishing., c2006. | ||
| 650 | _aHanukkah -- | ||
| 650 | _aHumorous stories. | ||
| 650 | _aStories in rhyme. | ||
| 650 | _xFiction. | ||
| 700 | _a1140 | ||
| 999 |
_c298880 _d298880 |
||